Teoría de matrices aplicada a la electricidad y la electrónica

Uloženo v:
Podrobná bibliografie
Hlavní autor: Tropper, A. Mary (Autor)
Médium: Kniha
Jazyk:španělština
Vydáno: Madrid Paraninfo 1967
Témata:
Tagy: Přidat tag
Žádné tagy, Buďte první, kdo vytvoří štítek k tomuto záznamu!

MARC

LEADER 00000nam a2200000 a 4500
001 UCQ9170
003 CL-VaPUC
008 981230e19670000SP |||||||||||||||||spa|d
082 0 4 |a 512.9434  |b TRO  |2 21 
100 0 |a Tropper, A. Mary  |e author  |9 423616 
245 1 0 |a Teoría de matrices aplicada a la electricidad y la electrónica 
300 |a 118 p 
942 |c BK 
945 |d 19981230 00:00:00  |a crobeson 
260 |a Madrid  |b Paraninfo  |c 1967 
650 0 |a Matrices   |9 22 
650 0 |a Álgebra   |x Matrices  |9 369268 
650 0 |a Ecuaciones lineales   |9 342219 
650 0 |a Teoría de circuitos  |9 422094 
650 7 |a TEORIA DE REDES  |2 CL-VaPUC  |9 423617 
583 |a last modification  |c 19981230 00:00:00  |k Rodrigo Vera 
999 |c 278260  |d 278258 
952 |0 0  |1 0  |4 0  |6 512_943400000000000_TRO_1967  |7 0  |8 A  |9 316720  |a BIBMAT  |b BIBMAT  |d 2019-11-20  |i 1312790  |o 512.9434 TRO 1967  |p 1312790  |r 2025-01-07  |w 2019-11-20  |y BK  |k MAT